| 000 | 00708nam a22001937a 4500 | ||
|---|---|---|---|
| 005 | 20240530162153.0 | ||
| 010 | _aENG-140562 | ||
| 020 |
_c850.00 _a9788119664139 |
||
| 035 | _aEN-124094 | ||
| 037 | _aDBAD | ||
| 082 | _a920 | ||
| 100 |
_aJayaraj, Lata _967166 |
||
| 245 |
_aChristians In Nation Building/ _cBy Lata Jayaraj [and] Saveri Raj Augustine |
||
| 260 |
_aBengaluru _bATC Publishers _c2022 |
||
| 270 |
_aSt Mary's Block, Archdiocesan Pastoral Centre5 Mandidurga Road,Benson Town _bBengaluru _e700053 _k+91-80-25491999 _k+91-80-25492999 _minfo@atcpublishers.com |
||
| 300 |
_a108p. _c21cm(hb) _bill., col |
||
| 700 |
_aAugustine, Saveri Raj _967167 |
||
| 942 |
_2ddc _h920 _cEN _mJAY |
||
| 999 |
_c203429 _d203429 |
||